|
|
|
|
| LEADER |
00000nam0a2200000 4500 |
| 001 |
291065 |
| 005 |
20231102000341.0 |
| 020 |
|
|
|a RU
|b 83-78559
|
| 035 |
|
|
|a (RuTPU)RU\TPU\book\315627
|
| 090 |
|
|
|a 291065
|
| 100 |
|
|
|a 20150410d1983 k y0rusy5003 ca
|
| 101 |
0 |
|
|a rus
|
| 102 |
|
|
|a RU
|
| 105 |
|
|
|a a z 001zy
|
| 200 |
1 |
|
|a Автоматизация проектирования сложных систем с многократным резервированием
|f А. С. Вайрадян, В. П. Мартынов, М. Н. Петухов
|
| 210 |
|
|
|a Москва
|c Машиностроение
|d 1983
|
| 215 |
|
|
|a 128 с.
|c ил.
|
| 320 |
|
|
|a Библиогр.: с. 124-127
|
| 606 |
1 |
|
|a Технические системы сложные
|x Проектирование
|x Автоматизация
|2 stltpush
|3 (RuTPU)RU\TPU\subj\60094
|9 77584
|
| 610 |
1 |
|
|a многоканальные резервированные системы
|
| 610 |
1 |
|
|a избыточность
|
| 610 |
1 |
|
|a автоматизированные системы проектирования
|
| 610 |
1 |
|
|a надежность
|
| 610 |
1 |
|
|a адаптивные пороговые элементы
|
| 610 |
1 |
|
|a функционирование
|
| 610 |
1 |
|
|a анализ
|
| 610 |
1 |
|
|a синтез
|
| 675 |
|
|
|a 681.51.001.6
|z rus
|v 3
|
| 700 |
|
1 |
|a Вайрадян
|b А. С.
|g Акоп Семенович
|4 070
|
| 701 |
|
1 |
|a Мартынов
|b В. П.
|g Владимир Петрович
|
| 701 |
|
1 |
|a Петухов
|b М. Н.
|g Михаил Николаевич
|
| 801 |
|
0 |
|a RU
|b RuMRKP
|c 19950704
|g psbo
|
| 801 |
|
1 |
|a RU
|b 63413507
|c 20150410
|
| 801 |
|
2 |
|a RU
|b 63413507
|c 20181210
|g RCR
|
| 942 |
|
|
|c BK
|